Value wars : The global market versus the life economy (Record no. 42239)

MARC details
000 -LEADER
fixed length control field 00390nam a2200145Ia 4500
020 ## - INTERNATIONAL STANDARD BOOK NUMBER
ISBN 0745318894
082 ## - DEWEY DECIMAL CLASSIFICATION NUMBER
Classification number 339.1
Item number McM
100 ## - MAIN ENTRY--AUTHOR NAME
Personal name McMurtry, John
245 #0 - TITLE STATEMENT
Title Value wars : The global market versus the life economy
260 ## - PUBLICATION, DISTRIBUTION, ETC. (IMPRINT)
Place of publication London
Name of publisher Pluto Press
Year of publication 2002
650 ## - SUBJECT ADDED ENTRY--TOPICAL TERM
Topical Term Ecocide prevention
650 ## - SUBJECT ADDED ENTRY--TOPICAL TERM
Topical Term Globalization
942 ## - ADDED ENTRY ELEMENTS (KOHA)
Koha item type Books
Holdings
Withdrawn status Lost status Damaged status Not for loan Home library Current library Date acquired Cost, normal purchase price Full call number Accession Number Koha item type
        RRII Library RRII Library 16/12/2021 15.99 339.1 McM 22515 Books